00349nam a2200121Ia 4500008004000000082001600040100002000056245006800076250000500144260003900149300001100188650002800199210210b1966 xxu||||| |||| 00| 0 eng d a769.56 STAN aSTANLEY GIBBONS aPriced postage stamp catalogue: Europe and colonies. Ed.5,6 P2. a aLondonbStanley Gibbons Ltd.c1966 axv,964 aPostage stamp catalogue